000 00298nam a22001337a 4500
008 170308b xxu||||| |||| 00| 0 eng d
020 _a0721622364
041 _aeng
080 _22ND
_a611
100 _a6
101 _aSHM
245 _aBASIC ATLAS OF SECTIONAL ANATOMY
_cWOLFMAN
942 _2udc
_cBK
999 _c7230
_d7230